Taylor Swift - Chansons de l'album Midnights - Statistiques

Statistiques générales
  • Ce quiz a été pris 2 320 fois
    2 013 depuis la dernière actualisation
  • Le résultat moyen est 19 sur 24
Statistiques - réponses
Hint Réponse % Correct
Album Original 1 Lavender Haze
96%
Album Original 11 Karma
93%
Til Daw Edition 23 Karma (ft. Ice Spice)
93%
Album Original 3 Anti-Hero
92%
Album Original 6 Midnight Rain
90%
Album Original 4 Snow On The Beach
88%
Til Daw Edition 22 Snow on the Beach (ft. More Lana Del Ray)
88%
Album Original 2 Maroon
87%
Album Original 9 Bejeweled
86%
Album Original 13 Mastermind
84%
Album Original 8 Vigilante Shit
84%
Album Original 5 You're On Your Own, Kid
84%
3 am Edition 16 Paris
77%
Album Original 7 Question...?
77%
3 am Edition 14 The Great War
75%
Album Original 10 Labyrinth
73%
3 am Edition 19 Would've, Could've, Should've
71%
3 am Edition 15 Bigger Than The Whole Sky
67%
3 am Edition 18 Glitch
67%
Til Daw Edition 24 Hits Different
67%
3 am Edition 20 Dear Reader
66%
Album Original 12 Sweet Nothing
66%
The Late Night Edition 21 You're Losing Me
65%
3 am Edition 17 High Infidelity
62%
Aucun quiz correspondant
Distribution des résultats
% des personnes avec chaque résultat
Percentile par nombre de réponses
Votre historique - résultats
Vous n’avez pas pris ce quiz depuis la dernière actualisation